مكتبة جامعة عجلون الوطنية

فهرس بحث المكتبة

Normal view MARC view
  • القوات المسلحة الاردنية- الجيش العربي- الثورة العربية الكبرى- القدس - تاريخ فلسطين

Entry Topical Term

Number of records used in: 1

001 - CONTROL NUMBER

  • control field: 59550

003 - CONTROL NUMBER IDENTIFIER

  • control field: JO-AjAnu

005 - DATE AND TIME OF LATEST TRANSACTION

  • control field: 20230606083734.0

008 - FIXED-LENGTH DATA ELEMENTS

  • fixed length control field: 230606|| aca||aabn | a|a d

040 ## - CATALOGING SOURCE

  • Original cataloging agency: JO-AjAnu
  • Transcribing agency: JO-AjAnu

150 ## - HEADING--TOPICAL TERM

  • Topical term or geographic name entry element: القوات المسلحة الاردنية- الجيش العربي- الثورة العربية الكبرى- القدس - تاريخ فلسطين

670 ## - SOURCE DATA FOUND

  • Source citation: Work cat.: (JO-AjAnu)30371: غوانمة،يوسف حسن , author 59549, بطولات الجيش العربي:القوات المسلحة الاردنية في القدس وفلسطين 1948